000 00499nam a22001697a 4500
003 OSt
005 20140506093045.0
008 140506b xxu||||| |||| 00| 0 eng d
020 _a9781412979429
050 _aHM 586
_b.So64 2010
245 _aSociology :
_bexploring the architecture of everyday life readings /
_cedited by: David M. Newman.
260 _aUSA :
_bSAGE Publications, Inc.,
_cc2010.
300 _ax. 383 p. :
_c25 cm.
650 _aSociology.
942 _2lcc
_cBK
999 _c115791
_d115791